Học ăn học nói học gói học mở

Gồm những mẩu chuyện, những kinh nghiệm sống, cách viết, cách học và giới thiệu những qui tắc về giao tiếp ở những nơi công cộng

Enregistré dans:
Détails bibliographiques
Auteur principal: Hoàng Liên
Format: Livre
Langue:Undetermined
Publié: Thành phố Hồ Chí Minh Trẻ 2013
Sujets:
Tags: Ajouter un tag
Pas de tags, Soyez le premier à ajouter un tag!
Thư viện lưu trữ: Trung tâm Học liệu Trường Đại học Cần Thơ
LEADER 00841nam a2200217Ia 4500
001 CTU_181204
008 210402s9999 xx 000 0 und d
020 |c 38000 
082 |a 302.1 
082 |b H407 
100 |a Hoàng Liên 
245 0 |a Học ăn học nói học gói học mở 
245 0 |c Hoàng Liên 
260 |a Thành phố Hồ Chí Minh 
260 |b Trẻ 
260 |c 2013 
520 |a Gồm những mẩu chuyện, những kinh nghiệm sống, cách viết, cách học và giới thiệu những qui tắc về giao tiếp ở những nơi công cộng 
650 |a Vietnam,Việt Nam 
650 |x Social life and customs,Đời sống xã hội và phong tục 
904 |i Hải 
980 |a Trung tâm Học liệu Trường Đại học Cần Thơ